Geography Quiz

Random Geography or City Quiz
Score 0/60 Timer 07:00
20 Plays Today
Number of Letters City % Correct
Population (Overall Rank) 5 LettersParis, France
95.7%
Population (Overall Rank) 6 LettersLondon, UK
94.4%
Population (Overall Rank) 4 LettersRome, Italy
93.3%
Population (Overall Rank) 6 LettersBerlin, Germany
89.3%
Population (Overall Rank) 6 LettersMadrid, Spain
88.3%
Population (Overall Rank) 4 LettersOslo, Norway
84.5%
Population (Overall Rank) 6 LettersMoscow, Russia
84.4%
Population (Overall Rank) 6 LettersDublin, Ireland
77.6%
Population (Overall Rank) 6 LettersLisbon, Portugal
77%
Population (Overall Rank) 6 LettersAthens, Greece
75.4%
Population (Overall Rank) 6 LettersWarsaw, Poland
69.8%
Population (Overall Rank) 5 LettersMilan, Italy
68.8%
Population (Overall Rank) 4 LettersKyiv, Ukraine
68.7%
Population (Overall Rank) 6 LettersVienna, Austria
67.9%
Population (Overall Rank) 6 LettersPrague, Czechia
66.7%
Population (Overall Rank) 6 LettersMunich, Germany
65.3%
Population (Overall Rank) 4 LettersRiga, Latvia
56.3%
Population (Overall Rank) 6 LettersNaples, Italy
55.3%
Population (Overall Rank) 4 LettersLyon, France
54.4%
Population (Overall Rank) 5 LettersMinsk, Belarus
51.5%
Population (Overall Rank) 5 LettersSofia, Bulgaria
49.9%
Population (Overall Rank) 5 LettersTurin, Italy
48%
Population (Overall Rank) 4 LettersNice, France
45.1%
Population (Overall Rank) 6 LettersZagreb, Croatia
44%
Population (Overall Rank) 6 LettersKraków, Poland
39.9%
Population (Overall Rank) 4 LettersBonn, Germany
38%
Population (Overall Rank) 5 LettersMalmö, Sweden
37.2%
Population (Overall Rank) 5 LettersLeeds, UK
36.7%
Population (Overall Rank) 5 LettersGenoa, Italy
24.2%
Population (Overall Rank) 5 LettersEssen, Germany
22.8%
Number of Letters City % Correct
Population (Overall Rank) 6 LettersOdessa, Ukraine
21.4%
Population (Overall Rank) 4 LettersŁódź, Poland
21.3%
Population (Overall Rank) 6 LettersBremen, Germany
18.3%
Population (Overall Rank) 4 LettersBrno, Czechia
17.3%
Population (Overall Rank) 4 LettersGraz, Austria
16.5%
Population (Overall Rank) 6 LettersMálaga, Spain
16.2%
Population (Overall Rank) 4 LettersLviv, Ukraine
15.3%
Population (Overall Rank) 4 LettersBari, Italy
15%
Population (Overall Rank) 5 LettersBrest, Belarus
12.9%
Population (Overall Rank) 6 LettersDnipro, Ukraine
11.9%
Population (Overall Rank) 4 LettersPerm, Russia
11.3%
Population (Overall Rank) 5 LettersKazan, Russia
11.3%
Population (Overall Rank) 6 LettersSamara, Russia
10.4%
Population (Overall Rank) 4 LettersKiel, Germany
10.2%
Population (Overall Rank) 4 LettersVigo, Spain
7.6%
Population (Overall Rank) 5 LettersVarna, Bulgaria
7.1%
Population (Overall Rank) 5 LettersSochi, Russia
5.7%
Population (Overall Rank) 4 LettersIaşi, Romania
5.3%
Population (Overall Rank) 4 LettersTula, Russia
4.8%
Population (Overall Rank) 5 LettersGomel, Belarus
4.8%
Population (Overall Rank) 4 LettersTver, Russia
3.6%
Population (Overall Rank) 5 LettersKursk, Russia
3.5%
Population (Overall Rank) 6 LettersRyazan, Russia
3.4%
Population (Overall Rank) 5 LettersÇorlu, Turkey
2.8%
Population (Overall Rank) 5 LettersOryol, Russia
2.4%
Population (Overall Rank) 5 LettersKirov, Russia
2.3%
Population (Overall Rank) 5 LettersPenza, Russia
2.2%
Population (Overall Rank) 4 LettersOrsk, Russia
2.1%
Population (Overall Rank) 5 LettersGrond, Belarus
2%
Population (Overall Rank) 4 LettersSumy, Ukraine
1.5%
Remove Ads.
Support Sporcle.
Get the best of Sporcle when you Go Orange. This ad-free experience offers more features, more stats, and more fun while also helping to support Sporcle. Thank you for becoming a member.

You're not logged in!

Compare scores with friends on all Sporcle quizzes.
OR
Log In

Sporcle TV

Today on Sporcle TV


Watch our educational content, quiz creation guides, and fun videos on Sporcle TV.

Show Comments

Extras

Top Quizzes Today


Score Distribution

Paid Content

Your Account Isn't Verified!

In order to create a playlist on Sporcle, you need to verify the email address you used during registration. Go to your Sporcle Settings to finish the process.

Report this User

Report this user for behavior that violates our Community Guidelines.

Details: